| 000 | 00548pab a2200205 454500 | ||
|---|---|---|---|
| 008 | 180718b2017 xxu||||| |||| 00| 0 eng d | ||
| 100 | _aClarke, Harold D. | ||
| 245 | _aWhy Britain voted for Brexit: an individual-level analysis of the 2016 referendum vote | ||
| 260 | _c2017 | ||
| 300 | _ap.439-464. | ||
| 362 | _aJul | ||
| 650 | _aImmigration | ||
| 650 | _aReferendum | ||
| 650 | _aBrexit | ||
| 650 | _aEuropean Union | ||
| 700 | _aWhiteley, Paul | ||
| 700 | _aGoodwin, Matthew | ||
| 773 | _aParliamentary Affairs | ||
| 909 | _a115659 | ||
| 999 |
_c115653 _d115653 |
||